Heading for cover (Record no. 71213)
[ view plain ]
| 000 -LEADER | |
|---|---|
| fixed length control field | 01113cam a2200229 4500 |
| 001 - CONTROL NUMBER | |
| control field | ABS65952 |
| 008 - FIXED-LENGTH DATA ELEMENTS--GENERAL INFORMATION | |
| fixed length control field | 020924n2002 000 0 eng u |
| 035 ## - SYSTEM CONTROL NUMBER | |
| System control number | (Sirsi) u119831 |
| 100 ## - MAIN ENTRY--PERSONAL NAME | |
| Personal name | Hill, C. |
| 245 ## - TITLE STATEMENT | |
| Title | Heading for cover |
| 260 ## - PUBLICATION, DISTRIBUTION, ETC. | |
| Date of publication, distribution, etc. | 2002 |
| 490 ## - SERIES STATEMENT | |
| Series statement | Building |
| Volume/sequential designation | 267(8243) 19 July 2002, 64(1) |
| 520 ## - SUMMARY, ETC. | |
| Summary, etc. | Reviews a shift towards project insurance as part of an overhaul of the insurance provisions of the JCT standard forms, where rising professional indemnity insurance premiums are adding to consultants' costs. This was recently highlighted as an anomaly in "Co-operative Retail Services Ltd v Taylor Young Partnership" [2002]. Recommendations are for a move towards 'whole-life' insurance that would cover the first 35 years of a building's life, thus bypassing the need for many types of insurance. |
| 590 ## - LOCAL NOTE (RLIN) | |
| Local note | ABS |
| 650 ## - SUBJECT ADDED ENTRY--TOPICAL TERM | |
| Topical term or geographic name entry element | PROFESSIONAL INDEMNITY COVER |
| 650 ## - SUBJECT ADDED ENTRY--TOPICAL TERM | |
| Topical term or geographic name entry element | CO-OPERATIVE RETAIL SERVICES LTD V TAYLOR YOUNG PARTNERSHIP |
| 650 ## - SUBJECT ADDED ENTRY--TOPICAL TERM | |
| Topical term or geographic name entry element | PROJECT INSURANCE |
| 650 ## - SUBJECT ADDED ENTRY--TOPICAL TERM | |
| Topical term or geographic name entry element | JCT STANDARD FORM |
| 650 ## - SUBJECT ADDED ENTRY--TOPICAL TERM | |
| Topical term or geographic name entry element | LATENT DEFECTS INSURANCE |
| 690 ## - LOCAL SUBJECT ADDED ENTRY--TOPICAL TERM (OCLC, RLIN) | |
| Topical term or geographic name as entry element | Insurance |
| 9 (RLIN) | 6249 |
| 942 ## - ADDED ENTRY ELEMENTS (KOHA) | |
| Suppress in OPAC | 0 |
| Withdrawn status | Lost status | Source of classification or shelving scheme | Damaged status | Not for loan | Home library | Current library | Shelving location | Date acquired | Total Checkouts | Full call number | Barcode | Date last seen | Copy number | Price effective from | Koha item type |
|---|---|---|---|---|---|---|---|---|---|---|---|---|---|---|---|
| Dewey Decimal Classification | London | London | Journal article | 24/09/2002 | ABS65952 | 119831-1001 | 06/08/2019 | 1 | 06/08/2019 | Journal article |